[Event "AUTO-ADV-1978"]
[Site "http://www.queenalice.com/game.php?id=861221"]
[Date "2010.11.20"]
[Round "1"]
[White "patobesta"]
[Black "marcelob2"]
[Result "0-1"]
[WhiteElo "1785"]
[BlackElo "1824"]

1. d4 d5 2. c4 e6 3. e3 Nf6 4. Nf3 Be7 5. Be2 O-O 6. O-O c6 7. Ne5 Nbd7 8. Bd3
c5 9. Nc3 a6 10. b3 cxd4 11. exd4 dxc4 12. Bxc4 Nb6 13. Bg5 Nbd5 14. Bxd5 Nxd5
15. Bxe7 Nxe7 16. Ne4 b5 17. Qh5 Qxd4 18. Ng5 h6 19. Ngxf7 Bb7 20. Rad1 Qe4 21.
f3 Qe3+ 22. Kh1 Rac8 23. Rfe1 Qc5 24. Nd6 Rc7 25. Nxb7 Rxb7 26. Qh3 Qc8 27. Rc1
Rc7 28. Rxc7 Qxc7 29. Qxe6+ Kh7 30. Ng4 Rd8 31. h3 Ng6 32. Qxa6 Qg3 33. Rg1 Rd2
34. a4 Re2 35. Qc8 Nh4 36. axb5 Re1 37. Qc2+ g6 38. b6 Rxg1+ 39. Kxg1 Nxf3+ 0-1

[Event "AUTO-ADV-1978"]
[Site "http://www.queenalice.com/game.php?id=861222"]
[Date "2010.11.20"]
[Round "1"]
[White "marcelob2"]
[Black "patobesta"]
[Result "1-0"]
[WhiteElo "1808"]
[BlackElo "1778"]

1. d4 d5 2. Nf3 c5 3. e3 e6 4. Be2 Nf6 5. O-O Be7 6. Nbd2 O-O 7. c3 Nbd7 8. a3
Qc7 9. Nb3 c4 10. Nbd2 a5 11. b3 b5 12. Bb2 Bb7 13. Qc2 Bd6 14. bxc4 dxc4 15.
Rfb1 Bxf3 16. Nxf3 Ng4 17. h3 Bh2+ 18. Kf1 Ngf6 19. e4 e5 20. dxe5 Bxe5 21. Nxe5
Qxe5 22. f3 Nc5 23. Bc1 Nb3 24. Ra2 a4 25. Be3 Rfd8 26. Rd1 Qh2 27. Kf2 Nh5 28.
Rd5 Rxd5 29. exd5 Rd8 30. Qf5 g6 31. Qg5 Re8 32. f4 f5 33. Bxh5 Kf7 34. Bf3 Rh8
35. d6 h6 36. Qe7+ 1-0

[Event "AUTO-OPEN-2197"]
[Site "http://www.queenalice.com/game.php?id=872634"]
[Date "2010.12.16"]
[Round "1"]
[White "alederp"]
[Black "marcelob2"]
[Result "1-0"]
[WhiteElo "2331"]
[BlackElo "1820"]

1. e4 d6 2. Nf3 g6 3. Bc4 Bg4 4. O-O Nf6 5. h3 Bxf3 6. Qxf3 Bg7 7. Qb3 O-O 8.
Qxb7 Nbd7 9. d3 e5 10. Nc3 Nc5 11. Qc6 Nh5 12. Nd5 f5 13. Nxc7+ 1-0

[Event "AUTO-OPEN-2197"]
[Site "http://www.queenalice.com/game.php?id=872635"]
[Date "2010.12.16"]
[Round "1"]
[White "marcelob2"]
[Black "alederp"]
[Result "0-1"]
[WhiteElo "1782"]
[BlackElo "2350"]

1. d4 d5 2. c4 dxc4 3. e3 Bf5 4. Bxc4 e6 5. Nf3 Nf6 6. O-O Nbd7 7. Nbd2 Be7 8.
b3 O-O 9. Bb2 Nb6 10. Ne5 Nfd7 11. f4 Nxc4 12. bxc4 Nxe5 13. fxe5 Bd3 14. Rf3
Bf5 15. h3 Bg6 16. Rf1 c5 17. a4 Rc8 0-1

[Event "AUTO-OPEN-2197"]
[Site "http://www.queenalice.com/game.php?id=872664"]
[Date "2010.12.16"]
[Round "1"]
[White "marcelob2"]
[Black "kudd"]
[Result "1-0"]
[WhiteElo "1823"]
[BlackElo "1622"]

1. d4 d5 2. c4 dxc4 3. Nc3 a6 4. a4 Nc6 5. Nf3 Bg4 6. e3 Bxf3 7. Qxf3 e6 8. Bxc4
Nb4 9. O-O Nf6 10. Qxb7 a5 11. Bb5+ Nd7 12. Bxd7+ Kxd7 13. Qf3 Qe8 14. Ne4 Bd6
15. Bd2 Nc6 16. Rfc1 f5 17. Nxd6 cxd6 18. Qxc6+ Ke7 19. Qb7+ Kf6 20. Rc7 Rf8 21.
Rac1 Qxa4 22. Rxg7 h6 23. Qe7# 1-0

[Event "AUTO-OPEN-2197"]
[Site "http://www.queenalice.com/game.php?id=872665"]
[Date "2010.12.16"]
[Round "1"]
[White "kudd"]
[Black "marcelob2"]
[Result "0-1"]
[WhiteElo "1614"]
[BlackElo "1831"]

1. e4 d6 2. d4 Nf6 3. Nc3 g6 4. Bg5 Bg7 5. Bxf6 Bxf6 6. h3 O-O 7. g4 e5 8. d5
Nd7 9. Bb5 a5 10. Bxd7 Bxd7 11. Qd2 Bh4 12. O-O-O Bg5 13. a3 Bxd2+ 14. Rxd2 c6
15. Nf3 c5 16. g5 b5 17. h4 b4 18. Na2 bxa3 19. b3 Qb6 20. Rd3 c4 21. Rc3 cxb3
22. Rxb3 Qxf2 23. Rh2 Qf1+ 24. Kd2 Rfc8 25. Rxa3 Bg4 26. Ne1 Qf4+ 0-1

[Event "AUTO-ADV-2006"]
[Site "http://www.queenalice.com/game.php?id=872698"]
[Date "2010.12.16"]
[Round "1"]
[White "Markus1234567"]
[Black "marcelob2"]
[Result "1-0"]
[WhiteElo "1985"]
[BlackElo "1822"]

1. e4 d6 2. d4 Nf6 3. Bd3 g6 4. f4 Bg7 5. Nf3 O-O 6. O-O Nbd7 7. f5 c5 8. e5
dxe5 9. dxe5 Ne8 10. fxg6 fxg6 11. Bc4+ Kh8 12. e6 1-0

[Event "AUTO-ADV-2006"]
[Site "http://www.queenalice.com/game.php?id=872699"]
[Date "2010.12.16"]
[Round "1"]
[White "marcelob2"]
[Black "Markus1234567"]
[Result "0-1"]
[WhiteElo "1813"]
[BlackElo "1988"]

1. d4 d5 2. Nf3 Nf6 3. c4 c6 4. Bf4 Bg4 5. e3 e6 6. Be2 Bb4+ 7. Nbd2 Ne4 8. O-O
Nxd2 9. Nxd2 Bxe2 10. Qxe2 Bxd2 11. Qxd2 dxc4 12. Qb4 b5 13. a4 a6 14. axb5 cxb5
15. b3 cxb3 16. Qxb3 Qd5 17. Qd3 Nc6 18. Ra3 O-O 19. Rfa1 h6 20. Rxa6 Rxa6 0-1

[Event "AUTO-ADV-2006"]
[Site "http://www.queenalice.com/game.php?id=872714"]
[Date "2010.12.16"]
[Round "1"]
[White "roda"]
[Black "marcelob2"]
[Result "1-0"]
[WhiteElo "1879"]
[BlackElo "1838"]

1. c4 e5 2. e4 Nf6 3. Nf3 Nc6 4. d4 exd4 5. Nxd4 Nxe4 6. Nxc6 bxc6 7. Bd3 Nd6 8.
O-O Qf6 9. Nc3 Be7 10. c5 Nb7 11. Ne4 Qh4 12. Qf3 O-O 13. b4 d5 14. cxd6 cxd6
15. Bb2 Bg4 16. Qe3 d5 17. Ng3 Bxb4 18. Qd4 Bc5 19. Qxg7# 1-0

[Event "AUTO-ADV-2006"]
[Site "http://www.queenalice.com/game.php?id=872715"]
[Date "2010.12.16"]
[Round "1"]
[White "marcelob2"]
[Black "roda"]
[Result "0-1"]
[WhiteElo "1828"]
[BlackElo "1958"]

1. d4 d5 2. c4 b6 3. Nf3 e6 4. Bf4 Bb7 5. e3 h6 6. Bd3 Nf6 7. Nc3 Bb4 8. O-O
Bxc3 9. bxc3 O-O 10. cxd5 Nxd5 11. Bg3 Nxc3 12. Qc2 Nd5 13. Rab1 Nc6 14. Rfc1
Ncb4 15. Qb3 a5 16. a4 Qe7 17. Bb5 Rac8 18. Ne5 c5 19. dxc5 bxc5 20. Rc4 Nb6 21.
Rc3 Bd5 22. Qb2 Qb7 23. f3 f6 24. Ng6 Rf7 25. Nf4 e5 26. Ne2 Bc6 27. Rxc5 Nxa4
28. Bxc6 Rxc6 0-1

[Event "AUTO-ADV-2006"]
[Site "http://www.queenalice.com/game.php?id=872726"]
[Date "2010.12.16"]
[Round "1"]
[White "marcelob2"]
[Black "juim"]
[Result "0-1"]
[WhiteElo "1803"]
[BlackElo "1671"]

1. d4 d5 2. c4 dxc4 3. a4 e6 4. e3 e5 5. Bxc4 exd4 6. Nf3 Nc6 7. O-O dxe3 8.
Qxd8+ Nxd8 9. Bxe3 Bg4 10. Ne5 Be6 11. Nc3 Bb4 12. Rfe1 Bxc3 13. bxc3 Bxc4 14.
Nxc4 Ne6 15. f4 Nf6 16. f5 Nd8 17. Bxa7+ Kd7 18. Bd4 b6 19. Bxb6 Ra6 20. Bc5 Kc8
0-1

[Event "AUTO-ADV-2006"]
[Site "http://www.queenalice.com/game.php?id=872727"]
[Date "2010.12.16"]
[Round "1"]
[White "juim"]
[Black "marcelob2"]
[Result "1-0"]
[WhiteElo "1787"]
[BlackElo "1838"]

1. e4 d6 2. d4 Nf6 3. Qf3 Nbd7 4. Bg5 g6 5. Nc3 Bg7 6. Bf4 O-O 7. e5 dxe5 8.
dxe5 Ne8 9. Bc4 Nxe5 10. Bxe5 Nf6 11. Nge2 Bg4 12. Qd3 1-0